Регионална библиотека "Любен Каравелов" - Русе

Успехът - начин на мислене (Запис номер 23517)

MARC детайли
000 -Лидер
Контролно поле с фиксирана дължина 01486nam a2200349 c 4500
003 - Код на организацията, давaща контролен номер
Контролно поле BLK
005 - Дата и час на последна редакция
Контролно поле 20180420215845.0
008 - Елементи от данни с фиксирана дължина
fixed length control field 180413b bul|||||r ||||||| ||bul||
010 ## - Наследен системен номер
LC control number KNG00025996000
020 ## - Международен стандартен номер на книга ISBN
Международен стандартен номер на книга ISBN 954-8268-32-9
-- издат.: Колонел
040 ## - Източник на каталожния запис
Идентификатор на билиотеката - собственик на записа BLK
041 ## - Код за език
Код за езика на текст/звукозапис или на отделно заглавие Английски
Код за езика КДБФ Български
072 #7 - Код за тематичната категория
Код организация bullib
Код за тематична категория Л03
Текст Себепознание. Мисловни техники. Психология. Парапсихология
080 ## - УДК
Текстов определител УДК Мислене. Представа - Абстракция. Подбор. Сравнение. Размисъл. Преценка. Мнение. Умозаключение. Индукция. Дедукция. Евристика. Мислене и говорене. Рефлексия (психол.)
УДК код - определител по УДК 159.955
УДК определител
УДК - код + определител 159.955
100 1# - Редна дума - Автор
Автор Силва, Хосе
Авторска отговорност първи автор
R(LIN) 242287
139 ## - Редно поле
Редна дума Силва, Хосе
Авторски знак Сил - С 36
245 10 - Сведения за заглавието
Заглавие Успехът - начин на мислене
Редно поле (дума) Хосе Силва.
257 ## - Страна на издаване
Страна на създаване/издаване Съединени американски щати
260 ## - Област на издателските данни
-- Габрово
Име на издателя, разпространителя и проч. Колонел
Година на издаване 1999
300 ## - Физическа характеристика
Страници 336 с.
Размери/Мащаб 21 см
380 ## - Жанр
Жанр 793/799 Спорт
500 ## - Общи забележки
Забележка Ориг. загл. Think and crou fit / Jose Silva.
653 ## - Ключова дума – ненормативна
Ключова дума мислене
653 ## - Ключова дума – ненормативна
Ключова дума себепознание
653 ## - Ключова дума – ненормативна
Ключова дума психология на личността
659 ## - Тематичен бюлетин
Тематичен бюлетин Л
852 ## - Местоположение
Форматна сигнатура Цб 199219
856 4# - Електронен адрес и достъп
Електронен формат pdf - файл
Път до файла /url/
856 4# - Електронен адрес и достъп
Електронен формат pdf - файл
Път до файла /url/
942 ## - АРТИКУЛИ
Вид на библиотечния материал Книги
Скрит в OPAC Не
944 ## - СЪЗДАВАНЕ И РЕДАКЦИЯ на ЗАПИСА
Създаване/Редакция Създаване
Дата на регистрацията/редакция 15.01.2003
Служител, извършил регистрацията/редакцията Ирена_Линкова
944 ## - СЪЗДАВАНЕ И РЕДАКЦИЯ на ЗАПИСА
Създаване/Редакция Редакция
Дата на регистрацията/редакция 22.12.2016
Служител, извършил регистрацията/редакцията Сечил_Томаш
999 ## - СИСТЕМНИ КОНТРОЛНИ НОМЕРА
Koha biblionumber 23517
Koha biblioitemnumber 23517
Наличности
Код за отписване Код за изгубен артикул Източник на класификационната схема Код за повреда Коз за рестрикции Код за отдаване Артикулен № Име на библиотеката - собственик Име на библиотеката, в която се намира в момента Статус (Текущо местоположение) Дата на вписване в системата Местоположение - отдел Цена в лева Инвентарен номер Систематично азбучна сигнатура Баркод Номер на екземпляра Цена в евро Служебна бележка Служебен тип на артикула
Изтеглен Не е изгубен Universal Decimal Classification Не е повреден без рестрикции заемане за дома 38927 Регионална библиотека "Любен Каравелов" Русе Регионална библиотека "Любен Каравелов" Русе Заемна - подръчен фонд 2001-01-01 Заемна - подръчен фонд 0.00 645378 159.9/С 645378 1 0.00 Дост: Dp Вид: Д N: стар фонд Книги
  Не е изгубен Universal Decimal Classification Не е повреден без рестрикции ползва се в читалня 38928 Регионална библиотека "Любен Каравелов" Русе Регионална библиотека "Любен Каравелов" Русе Хранилище 2001-01-01 Хранилище 5.40 647214 Цб 199219 120000647214 2 2.76   Книги
Vip Innovations Ltd, Rousse, Bulgaria 2025